ARRUPE JESUIT UNIVERSITY

CORONAVIRUS -STOP THE SPREAD - CLEAN,DISINFECT,COVER

Oxford teaching guides how to create great lessons : (Record no. 131599)

MARC details
000 -LEADER
fixed length control field 01020cam a2200313 i 4500
001 - CONTROL NUMBER
control field 20693838
003 - CONTROL NUMBER IDENTIFIER
control field ARRUPE
005 - DATE AND TIME OF LATEST TRANSACTION
control field 20221129151403.0
008 - FIXED-LENGTH DATA ELEMENTS--GENERAL INFORMATION
fixed length control field 181002s2018 enk 000 0 eng
010 ## - LIBRARY OF CONGRESS CONTROL NUMBER
LC control number 2018288739
020 ## - INTERNATIONAL STANDARD BOOK NUMBER
International Standard Book Number 0198417918
020 ## - INTERNATIONAL STANDARD BOOK NUMBER
International Standard Book Number 9780198417910
020 ## - INTERNATIONAL STANDARD BOOK NUMBER
Cancelled/invalid ISBN 9780198417941
Qualifying information (Kindle edition)
028 ## - PUBLISHER NUMBER
Source Arrupe
040 ## - CATALOGING SOURCE
Original cataloging agency DLC
Language of cataloging eng
Transcribing agency DLC
Description conventions rda
Modifying agency DLC
042 ## - AUTHENTICATION CODE
Authentication code pcc
050 00 - LIBRARY OF CONGRESS CALL NUMBER
Classification number LB1027.4
Item number .B68 2018
300 ## - PHYSICAL DESCRIPTION
Dimensions 22 cm.
100 1# - MAIN ENTRY--PERSONAL NAME
Personal name Bott, Gemma,
Relator term author.
9 (RLIN) 52096
245 10 - TITLE STATEMENT
Title Oxford teaching guides how to create great lessons :
Remainder of title 100 tools for planning /
Statement of responsibility, etc Gemma Bott.
246 30 - VARYING FORM OF TITLE
Title proper/short title How to create great lessons
300 ## - PHYSICAL DESCRIPTION
Extent 224 pages ;
490 0# - SERIES STATEMENT
Series statement Oxford teaching guides.
650 #0 - SUBJECT ADDED ENTRY--TOPICAL TERM
Topical term or geographic name as entry element Lesson planning.
9 (RLIN) 52097
650 #0 - SUBJECT ADDED ENTRY--TOPICAL TERM
Topical term or geographic name as entry element Time management.
9 (RLIN) 44259
650 #0 - SUBJECT ADDED ENTRY--TOPICAL TERM
Topical term or geographic name as entry element Active learning.
9 (RLIN) 52098
906 ## - LOCAL DATA ELEMENT F, LDF (RLIN)
a 0
b ibc
c origres
d 2
e ncip
f 20
g y-gencatlg
942 ## - ADDED ENTRY ELEMENTS (KOHA)
Source of classification or shelving scheme Library of Congress Classification
Koha item type Monograph ( Printed materials)
Holdings
Withdrawn status Lost status Source of classification or shelving scheme Damaged status Not for loan Home library Current library Shelving location Date acquired Total Checkouts Full call number Barcode Date last seen Price effective from Koha item type
    Library of Congress Classification     ARRUPE LIBRARY ARRUPE LIBRARY Main Collection 29/11/2022   LB1027.4 .B68 2018 46700000131 29/11/2022 29/11/2022 Monograph ( Printed materials)

 

Arrupe Library. PO Box MP320 Mt Pleasant, Harare, Zimbabwe
263 242 745411|librarian@aju.ac.zw